000 00766nam a22002177a 4500
003 UA-OsUOA
001 9329
007 ta
008 20041102b un ||||| |||| 00| 0 ukr d
100 _aЧиж В.
700 _aЛарікова Л.
942 _cSA
040 _aUA-OsUOA
_bukr
_cUA-OsUOA
_dUA-OsUOA
245 _aЩодо вдосконалення викладання бухгалтерського обліку для економістів та правознавців у вищих навчальних закладах України
300 _aС.36
955 _a0
041 _aukr
044 _aUA
773 0 _w0
_tБухгалтерський облік і аудит
_dК.
_d2004
_gN10
650 7 _aБухгалтерський облік
_2UDC
999 _c295490
_d295490